STARTING A SUCCESSFUL BUSINESS CHOOSE A (Record no. 18906)

MARC details
000 -LEADER
fixed length control field 00379nam a2200145Ia 4500
008 - FIXED-LENGTH DATA ELEMENTS--GENERAL INFORMATION
fixed length control field 240624s9999 xx 000 0 und d
041 ## - LANGUAGE CODE
Language code of text/sound track or separate title eng
082 ## - DEWEY DECIMAL CLASSIFICATION NUMBER
Classification number 658 MOR
100 ## - MAIN ENTRY--PERSONAL NAME
Personal name MORRIS MICHAEL J
245 ## - TITLE STATEMENT
Title STARTING A SUCCESSFUL BUSINESS CHOOSE A
250 ## - EDITION STATEMENT
Edition statement (7th ed.)
260 ## - PUBLICATION, DISTRIBUTION, ETC.
Date of publication, distribution, etc. 2011
Place of publication, distribution, etc. New Delhi
Name of publisher, distributor, etc. Kogan Page
300 ## - PHYSICAL DESCRIPTION
Extent vii, : 229 : p. : cm. ; 23
365 ## - TRADE PRICE
Currency code RS
Price amount 33.5
Holdings
Withdrawn status Lost status Damaged status Not for loan Home library Current library Shelving location Date acquired Source of acquisition Cost, normal purchase price Full call number Barcode Date last seen Copy number Price effective from Koha item type
        IMTN IMTN Rack 22-B 05/03/2012 IBH 250.00 658 MOR 18906 06/24/2024 1 06/24/2024 Books
Designed & Maintained by: LRC IMT Nagpur Contact: lrc@imtnag.ac.in© 2024. All Rights Reserved.